Click a Cable Network by Show (2010s) Quiz Stats

 Plays Quiz not verified by Sporcle

Challenge
Share
Tweet
Score 0/20 Timer 05:00
0 Plays Today
% Correct
Cartoon Network (Adventure Time)
93.6%
BET (Being Mary Jane)
84.2%
AMC (The Walking Dead)
76%
Disney Channel (Jessie)
75.1%
HBO (Veep)
71.2%
MSNBC (Velshi & Ruhle)
69.2%
CNN (The Lead with Jake Tapper)
69%
Fox News (Justice with Judge Jeanine)
65.4%
USA (Suits)
62%
TBS (Full Frontal)
58.2%
% Correct
Freeform (Pretty Little Liars)
56.9%
Discovery (Alaskan Bush People)
56.2%
MTV (Teen Wolf)
54.9%
Showtime (Homeland)
53.6%
Hallmark (Good Witch)
53.1%
A&E (Duck Dynasty)
43%
TNT (Claws)
39.7%
FX (Feud)
38.2%
truTV (I'm Sorry)
37.2%
Lifetime (UnREAL)
36.3%

You're not logged in!

Compare scores with friends on all Sporcle quizzes.
OR
Log In

You Might Also Like...

Show Comments

Extras

Top Quizzes Today


Score Distribution

Your Account Isn't Verified!

In order to create a playlist on Sporcle, you need to verify the email address you used during registration. Go to your Sporcle Settings to finish the process.

Report this User

Report this user for behavior that violates our Community Guidelines.

Details: